| 000 | 00676nam a22002417a 4500 | ||
|---|---|---|---|
| 003 | UA-OsUOA | ||
| 001 | 20764 | ||
| 007 | ta | ||
| 008 | 20031103b un ||||| |||| 00| 0 ukr d | ||
| 100 | _aБескровный Л. Г. | ||
| 090 |
_a930.1(470+571) _bБ53 |
||
| 942 | _cBK | ||
| 040 |
_aUA-OsUOA _brus _cUA-OsUOA _dUA-OsUOA |
||
| 245 | _aОчерки по источниковедению военной истории России | ||
| 300 | _a453 с. | ||
| 955 | _a0 | ||
| 041 | _arus | ||
| 080 | _a930.1(470+571) | ||
| 260 |
_aМосква _bИздательство Академии наук СССР _c1957 |
||
| 044 | _aRU | ||
| 650 | 7 | _2UDC | |
| 999 |
_c306947 _d306947 |
||